[Event "Africa-ch"]
[Site "Giza"]
[Date "2023.05.08"]
[Round "4"]
[White "Ahmed, Abuzied"]
[Black "Zaibi, Amir"]
[Result "1-0"]
[WhiteElo "2236"]
[BlackElo "2393"]
[PlyCount "27"]
[EventDate "2023.05.06"]
[EventType "swiss"]
[EventRounds "9"]
[EventCountry "EGY"]
[SourceTitle "CBM 214 Extra"]
[Source "ChessBase"]
[SourceDate "2023.07.31"]
[SourceVersion "1"]
[SourceVersionDate "2023.07.31"]
[SourceQuality "1"]

1. g3 e5 2. Bg2 d5 3. c4 d4 4. d3 Nc6 5. a3 a5 6. e3 Nf6 7. Ne2 dxe3 8. fxe3 Ng4 9. Nbc3 h5 10. h3 Nxe3 11. Bxe3 h4 12. g4 g6 13. Nd5 f5 14. Nec3 1-0

[Event "Arab-ch"]
[Site "Khartoum"]
[Date "2023.02.28"]
[Round "4"]
[White "Ahmed, Abuzied"]
[Black "Issa, Rafat"]
[Result "1-0"]
[WhiteElo "2204"]
[BlackElo "2336"]
[PlyCount "65"]
[EventDate "2023.02.26"]
[EventType "swiss"]
[EventRounds "9"]
[EventCountry "SUD"]
[SourceTitle "CBM 213 Extra"]
[Source "ChessBase"]
[SourceDate "2023.05.31"]
[SourceVersion "1"]
[SourceVersionDate "2023.05.31"]
[SourceQuality "1"]

1. Nf3 Nf6 2. c4 g6 3. g3 Bg7 4. Bg2 0-0 5. 0-0 d6 6. Nc3 c6 7. d3 Qa5 8. h3 a6 9. Bd2 Qc7 10. Ne1 b6 11. a4 a5 12. Nc2 Na6 13. Rb1 Bb7 14. b4 axb4 15. Nxb4 Nxb4 16. Rxb4 Ra6 17. Qb1 Nd7 18. Rc1 Bd4 19. Nb5 cxb5 20. cxb5 Bc5 21. bxa6 Bxg2 22. Kxg2 Qa7 23. Rh4 d5 24. d4 Bd6 25. Bf4 e5 26. Bxe5 Nxe5 27. dxe5 Bxe5 28. Qb5 Bf6 29. Rb4 Bd8 30. Rd4 Bg5 31. e3 Ra8 32. Rxd5 Be7 33. Rd7 1-0

[Event "Arab-ch"]
[Site "Khartoum"]
[Date "2023.02.27"]
[Round "2"]
[White "Abadame, Mohamed Abdalla"]
[Black "Ahmed, Abuzied"]
[Result "0-1"]
[WhiteElo "1653"]
[BlackElo "2204"]
[PlyCount "58"]
[EventDate "2023.02.26"]
[EventType "swiss"]
[EventRounds "9"]
[EventCountry "SUD"]
[SourceTitle "CBM 213 Extra"]
[Source "ChessBase"]
[SourceDate "2023.05.31"]
[SourceVersion "1"]
[SourceVersionDate "2023.05.31"]
[SourceQuality "1"]

1. d4 g6 2. c4 Bg7 3. Nf3 c5 4. e3 Nf6 5. Be2 0-0 6. 0-0 cxd4 7. Nxd4 d5 8. Nc3 dxc4 9. Bxc4 Qc7 10. b3 Ng4 11. f4 Nc6 12. Nd5 Qd8 13. h3 Nxd4 14. exd4 b5 15. hxg4 bxc4 16. bxc4 e6 17. Ne3 Qxd4 18. Qxd4 Bxd4 19. Rb1 Ba6 20. Kh2 f5 21. g5 e5 22. g3 exf4 23. Rxf4 Be5 24. Rh4 f4 25. Nf1 fxg3+ 26. Nxg3 Rf3 27. Rb3 Bxg3+ 28. Kg2 Rxb3 29. axb3 Bxh4 0-1

[Event "Arab-ch Elite 3rd"]
[Site "Dubai"]
[Date "2015.05.30"]
[Round "5"]
[White "Ahmed, Abuzied"]
[Black "Salim Issa, Ali Shamas"]
[Result "1-0"]
[WhiteElo "2187"]
[BlackElo "2022"]
[PlyCount "129"]
[EventDate "2015.05.27"]
[EventType "swiss"]
[EventRounds "9"]
[EventCountry "UAE"]
[SourceTitle "CBM 166 Extra"]
[Source "ChessBase"]
[SourceDate "2015.06.18"]
[SourceVersion "1"]
[SourceVersionDate "2015.06.18"]
[SourceQuality "1"]

1. e4 Nf6 2. Nc3 d5 3. e5 Nfd7 4. d4 e6 5. f4 c5 6. Nf3 Nc6 7. Be3 Qb6 8. Qd2 cxd4 9. Nxd4 Nxd4 10. Bxd4 Qd8 11. Qf2 Qa5 12. f5 a6 13. fxe6 fxe6 14. Qg3 Qb4 15. 0-0-0 g6 16. Nxd5 exd5 17. e6 Bh6+ 18. Kb1 Nf6 19. Bxf6 0-0 20. e7 Re8 21. Qe5 Kf7 22. Bg5 Qg4 23. Rxd5 Bxg5 24. Qxg5 Rxe7 25. Qd2 Be6 26. Rd4 Qh5 27. Bd3 Kg8 28. Re4 Ree8 29. Rhe1 Bf7 30. Rxe8+ Rxe8 31. Rxe8+ Bxe8 32. Bc4+ Kg7 33. Qd4+ Kh6 34. Qf4+ Kg7 35. b4 Qd1+ 36. Kb2 Qd8 37. Qe5+ Qf6 38. Qxf6+ Kxf6 39. Bd5 b6 40. c4 Ke5 41. Kc3 h6 42. Bf3 g5 43. Bb7 a5 44. c5 axb4+ 45. Kxb4 bxc5+ 46. Kxc5 Ba4 47. Bc6 Bc2 48. h3 Kf4 49. a4 Bxa4 50. Bxa4 Kg3 51. Bc6 h5 52. Kd4 g4 53. hxg4 Kxg4 54. Bd7+ Kf4 55. Bh3 h4 56. Kd5 Kg5 57. Ke5 Kg6 58. Kf4 Kh5 59. Kf5 Kh6 60. Kg4 Kg6 61. Kxh4 Kh6 62. g4 Kg6 63. g5 Kh7 64. Kh5 Kg7 65. g6 1-0

[Event "Arab-ch Elite 3rd"]
[Site "Dubai"]
[Date "2015.05.27"]
[Round "1"]
[White "Al Sayed, Mohammed"]
[Black "Ahmed, Abuzied"]
[Result "1-0"]
[WhiteElo "2501"]
[BlackElo "2187"]
[PlyCount "63"]
[EventDate "2015.05.27"]
[EventType "swiss"]
[EventRounds "9"]
[EventCountry "UAE"]
[SourceTitle "CBM 166 Extra"]
[Source "ChessBase"]
[SourceDate "2015.06.18"]
[SourceVersion "1"]
[SourceVersionDate "2015.06.18"]
[SourceQuality "1"]

1. d4 c5 2. d5 Nf6 3. c4 e6 4. Nc3 exd5 5. cxd5 d6 6. e4 g6 7. Bb5+ Nfd7 8. a4 Na6 9. Nf3 Bg7 10. Bg5 f6 11. Bf4 Qe7 12. 0-0 0-0 13. Re1 Ne5 14. Nxe5 fxe5 15. Be3 Nb4 16. a5 h5 17. Na2 Nxa2 18. Rxa2 Rf7 19. b4 cxb4 20. Qb3 Kh7 21. Qxb4 Bh6 22. Bxh6 Kxh6 23. Rc2 Qf6 24. Re3 Bg4 25. Qd2 Kg7 26. h3 Bd7 27. Rf3 Qd8 28. Rxf7+ Kxf7 29. Bxd7 Qxd7 30. Qc1 Qd8 31. Rc7+ Kg8 32. Rxb7 1-0

[Event "Africa-ch"]
[Site "Cairo"]
[Date "2015.05.02"]
[Round "1"]
[White "Abdel Razik, Khaled"]
[Black "Ahmed, Abuzied"]
[Result "1-0"]
[WhiteElo "2430"]
[BlackElo "2187"]
[PlyCount "84"]
[EventDate "2015.05.02"]
[EventType "swiss"]
[EventRounds "9"]
[EventCountry "EGY"]
[SourceTitle "CBM 166 Extra"]
[Source "ChessBase"]
[SourceDate "2015.06.18"]
[SourceVersion "1"]
[SourceVersionDate "2015.06.18"]
[SourceQuality "1"]

1. d4 g6 2. c4 Bg7 3. Nc3 c5 4. d5 Bxc3+ 5. bxc3 f5 6. e4 fxe4 7. f3 e5 8. Qe2 Nf6 9. fxe4 Qa5 10. Bd2 d6 11. h3 Qa3 12. g4 Qb2 13. Rc1 Qxa2 14. Qe3 Nbd7 15. Bd3 Nb6 16. Qe2 0-0 17. Bh6 Qxe2+ 18. Kxe2 Rf7 19. Nf3 Nxg4 20. hxg4 Bxg4 21. Rhf1 a5 22. Ke3 Bxf3 23. Rxf3 Rxf3+ 24. Kxf3 a4 25. Ke2 a3 26. Ra1 a2 27. Kd2 Nd7 28. Kc2 Nf6 29. Kb2 Ng4 30. Bg5 Ra3 31. Rxa2 Rxa2+ 32. Kxa2 Kf7 33. Kb3 h6 34. Be2 Nf2 35. Bxh6 Nxe4 36. Bf3 Nf6 37. Ka4 Nh7 38. Kb5 g5 39. Be4 Nf6 40. Bf5 g4 41. Kb6 g3 42. Bh3 Ke7 1-0

[Event "Olympiad-41"]
[Site "Tromsoe"]
[Date "2014.08.11"]
[Round "9.2"]
[White "Ahmed, Abuzied"]
[Black "Yang, Ching Wei Austin"]
[Result "1/2-1/2"]
[WhiteElo "2154"]
[BlackElo "1883"]
[PlyCount "96"]
[EventDate "2014.08.02"]
[EventType "team-swiss"]
[EventRounds "11"]
[EventCountry "NOR"]
[SourceTitle "CBM 162"]
[Source "ChessBase"]
[SourceDate "2014.09.17"]
[SourceVersion "1"]
[SourceVersionDate "2014.09.17"]
[SourceQuality "1"]
[WhiteTeam "Sudan"]
[BlackTeam "Chinese Taipei"]
[WhiteTeamCountry "SUD"]
[BlackTeamCountry "TPE"]

1. g3 Nf6 2. Bg2 e5 3. c4 d5 4. cxd5 Nxd5 5. Nf3 Nc6 6. 0-0 Be7 7. d4 exd4 8. Nxd4 0-0 9. Nxc6 bxc6 10. Qa4 Bb7 11. Rd1 Qc8 12. e4 Nb6 13. Qc2 Qe6 14. Nc3 Rfd8 15. b3 c5 16. Bf4 Bd6 17. Bxd6 cxd6 18. Rd2 Rd7 19. Rad1 Rad8 20. Ne2 g5 21. Nc3 h6 22. Re2 c4 23. b4 a6 24. Red2 d5 25. exd5 Nxd5 26. Nxd5 Bxd5 27. Re2 Qc6 28. Bxd5 Rxd5 29. Rxd5 Qxd5 30. Qc3 Qc6 31. Re1 Rd3 32. Qe5 c3 33. Qe8+ Qxe8 34. Rxe8+ Kg7 35. Rc8 Rd1+ 36. Kg2 Rc1 37. Kf3 c2 38. Ke2 Rb1 39. Rxc2 Rxb4 40. Kd3 Rb6 41. Ke4 Kf6 42. Kd5 Kf5 43. h3 h5 44. f3 f6 45. Rc5 Rb2 46. Ra5 Rh2 47. g4+ hxg4 48. hxg4+ Kf4 1/2-1/2

[Event "Olympiad-41"]
[Site "Tromsoe"]
[Date "2014.08.09"]
[Round "7.3"]
[White "Masango, Spencer"]
[Black "Ahmed, Abuzied"]
[Result "0-1"]
[WhiteElo "2155"]
[BlackElo "2154"]
[PlyCount "156"]
[EventDate "2014.08.02"]
[EventType "team-swiss"]
[EventRounds "11"]
[EventCountry "NOR"]
[SourceTitle "CBM 162"]
[Source "ChessBase"]
[SourceDate "2014.09.17"]
[SourceVersion "1"]
[SourceVersionDate "2014.09.17"]
[SourceQuality "1"]
[WhiteTeam "Zimbabwe"]
[BlackTeam "Sudan"]
[WhiteTeamCountry "ZIM"]
[BlackTeamCountry "SUD"]

1. Nf3 g6 2. c4 Bg7 3. Nc3 c5 4. g3 Nc6 5. Bg2 e5 6. 0-0 Nge7 7. d3 0-0 8. a3 d6 9. Rb1 a5 10. Ne1 Be6 11. Bg5 f6 12. Bd2 Rb8 13. Nc2 d5 14. cxd5 Nxd5 15. Ne4 b6 16. Qc1 Qd7 17. Bh6 Rfd8 18. Bxg7 Kxg7 19. Re1 h6 20. Nc3 Nxc3 21. bxc3 b5 22. Rd1 a4 23. Qe3 Bb3 24. Rd2 Rbc8 25. Ne1 Na5 26. Rdb2 Qd6 27. Nf3 Rc7 28. Nd2 f5 29. f4 Re7 30. fxe5 Rxe5 31. Qf2 Rde8 32. Nf3 Re3 33. Nh4 Qe5 34. Be4 Rxe4 35. dxe4 Qxe4 36. Qxc5 Nc4 37. Nf3 Nxb2 38. Rxb2 Qe3+ 39. Qxe3 Rxe3 40. Nd4 Rxc3 41. Nxb5 Rc1+ 42. Kf2 Rd1 43. Ke3 Rh1 44. h4 Rg1 45. Kf2 Rd1 46. Ke3 Rg1 47. Kf2 Ra1 48. Rd2 Bc4 49. Nd6 Be6 50. Ne8+ Kf7 51. Nd6+ Ke7 52. Rd3 Rb1 53. e4 Rb3 54. Rd4 Rxa3 55. exf5 gxf5 56. Nb7 Ra2+ 57. Kf3 a3 58. Nc5 Bf7 59. Rd7+ Kf6 60. Rd6+ Ke5 61. Rxh6 Rc2 62. Nd3+ Kd4 63. Rd6+ Kc3 64. Ne1 Rd2 65. Ra6 a2 66. Kf4 Bc4 67. Ra7 Rd1 68. Ng2 a1Q 69. Rxa1 Rxa1 70. Kxf5 Rg1 71. Ne3 Bd3+ 72. Kf4 Rh1 73. Kg5 Kd4 74. Ng4 Rg1 75. Nf2 Be2 76. h5 Rxg3+ 77. Kh4 Rg2 78. Nh3 Rg4# 0-1

[Event "Olympiad-41"]
[Site "Tromsoe"]
[Date "2014.08.08"]
[Round "6.2"]
[White "Rajaonarison, Faniry"]
[Black "Ahmed, Abuzied"]
[Result "0-1"]
[WhiteElo "2112"]
[BlackElo "2154"]
[PlyCount "93"]
[EventDate "2014.08.02"]
[EventType "team-swiss"]
[EventRounds "11"]
[EventCountry "NOR"]
[SourceTitle "CBM 162"]
[Source "ChessBase"]
[SourceDate "2014.09.17"]
[SourceVersion "1"]
[SourceVersionDate "2014.09.17"]
[SourceQuality "1"]
[WhiteTeam "Madagascar"]
[BlackTeam "Sudan"]
[WhiteTeamCountry "MAD"]
[BlackTeamCountry "SUD"]

1. e4 c5 2. Nf3 g6 3. d4 cxd4 4. Nxd4 Bg7 5. Be3 Nf6 6. Nc3 Nc6 7. Be2 0-0 8. Qd2 d5 9. Rd1 dxe4 10. Nxc6 Qxd2+ 11. Rxd2 bxc6 12. 0-0 Be6 13. Bc5 Rfe8 14. b3 Bh6 15. Rdd1 Bf5 16. Ba6 Nd7 17. Be3 Bxe3 18. fxe3 Nc5 19. Bc4 a5 20. Rd4 h5 21. h3 e5 22. Rd6 Rac8 23. g4 hxg4 24. hxg4 Be6 25. Bxe6 Rxe6 26. Rxe6 Nxe6 27. Nxe4 Rd8 28. Kg2 Kg7 29. a4 c5 30. Rf2 c4 31. bxc4 Kf8 32. c5 Ke7 33. c6 Nc7 34. Kf1 Nd5 35. Ke2 Nb6 36. Nc5 Rc8 37. Nd3 Nc4 38. Nc5 Rxc6 39. Nb3 Nb6 40. Kd3 Rc4 41. e4 Rxa4 42. g5 Ra3 43. Kc3 Ra4 44. Kd3 Nc4 45. c3 Nd6 46. Nc5 Rc4 47. Nb7 0-1

[Event "Olympiad-41"]
[Site "Tromsoe"]
[Date "2014.08.06"]
[Round "5.3"]
[White "Haitin, Ilja"]
[Black "Ahmed, Abuzied"]
[Result "1-0"]
[WhiteElo "2289"]
[BlackElo "2154"]
[PlyCount "147"]
[EventDate "2014.08.02"]
[EventType "team-swiss"]
[EventRounds "11"]
[EventCountry "NOR"]
[SourceTitle "CBM 162"]
[Source "ChessBase"]
[SourceDate "2014.09.17"]
[SourceVersion "1"]
[SourceVersionDate "2014.09.17"]
[SourceQuality "1"]
[WhiteTeam "Estonia"]
[BlackTeam "Sudan"]
[WhiteTeamCountry "EST"]
[BlackTeamCountry "SUD"]

1. c4 Nf6 2. g3 e6 3. Bg2 d5 4. Nf3 Be7 5. 0-0 0-0 6. b3 d4 7. Bb2 c5 8. e3 Nc6 9. exd4 cxd4 10. Re1 Qb6 11. d3 Rd8 12. Nbd2 a5 13. Ne5 Nxe5 14. Rxe5 Bd7 15. Rb1 Bc6 16. Bxc6 bxc6 17. Qf3 a4 18. bxa4 Rxa4 19. Ba3 Qc7 20. Bxe7 Qxe7 21. Qxc6 Rxa2 22. Ne4 Ng4 23. Reb5 Qe8 24. Qxe8+ Rxe8 25. Rg5 h5 26. Rb7 Rea8 27. h3 Ne3 28. Rgb5 Ra1+ 29. Kh2 R1a2 30. Rb2 Nd1 31. Rxa2 Rxa2 32. Kg1 f6 33. Rb1 Nb2 34. Nc5 Kf7 35. Nb3 Nxd3 36. Nxd4 e5 37. Rb7+ Kg6 38. Ne6 Kf5 39. Nxg7+ Ke4 40. Nxh5 Kf3 41. Rb3 e4 42. Nxf6 Ra1+ 43. Kh2 Rf1 44. Ng4 Ke2 45. c5 Rc1 46. h4 Rxc5 47. Kg2 Ne1+ 48. Kh3 Nd3 49. Kg2 Ne1+ 50. Kh2 Nd3 51. Ra3 Kf3 52. Kh3 Rb5 53. Ra2 Nb2 54. Ne5+ Kxf2 55. Nc4 e3 56. Rxb2+ e2 57. Ra2 Rb3 58. Kh2 Rc3 59. Ne5 Kf1 60. Ra1+ e1Q 61. Rxe1+ Kxe1 62. Kg2 Ke2 63. h5 Ke3 64. h6 Rc7 65. Ng4+ Kd4 66. Kh3 Ke4 67. Nf6+ Kf3 68. h7 Rc8 69. Kh4 Rh8 70. g4 Kf4 71. g5 Kf5 72. Kh5 Ke5 73. Kg6 Kf4 74. Kg7 1-0

[Event "Alexandria op 18th"]
[Site "Alexandria"]
[Date "2012.09.03"]
[Round "8"]
[White "Elgabry, Mohsen"]
[Black "Ahmed, Abuzied"]
[Result "1-0"]
[WhiteElo "2351"]
[BlackElo "2066"]
[PlyCount "104"]
[EventDate "2012.08.27"]
[EventType "swiss"]
[EventRounds "9"]
[EventCountry "EGY"]
[SourceTitle "CBM 150 Extra"]
[Source "ChessBase"]
[SourceDate "2012.10.19"]
[SourceVersion "1"]
[SourceVersionDate "2012.10.19"]
[SourceQuality "1"]

1. Nf3 c5 2. g3 g6 3. Bg2 Bg7 4. 0-0 Nc6 5. c4 e5 6. Nc3 Nge7 7. d3 0-0 8. a3 d6 9. Rb1 a5 10. Nd5 Be6 11. Ne1 Rb8 12. Nc3 d5 13. cxd5 Nxd5 14. Ne4 b6 15. Ng5 Bc8 16. Nc2 h6 17. Ne4 Be6 18. Nc3 Qd7 19. Bd2 Rfd8 20. Qc1 Kh7 21. Re1 Nde7 22. Ne3 c4 23. Rd1 cxd3 24. Be1 Nd4 25. exd3 f5 26. Nf1 Bb3 27. Qe3 Bxd1 28. Rxd1 Nc2 29. Qe2 Nxe1 30. Qxe1 Nc6 31. a4 Nb4 32. Ne3 Nxd3 33. Qe2 e4 34. Nxe4 fxe4 35. Bxe4 Qe7 36. Bxd3 Qe8 37. h4 Kh8 38. Qc2 Rd6 39. h5 gxh5 40. Nf5 Rd5 41. Nh4 Bf6 42. Ng6+ Kg7 43. Nf4 Rc5 44. Qb3 Re5 45. Bg6 Qe7 46. Qc2 h4 47. Bf5 Re1+ 48. Rxe1 Qxe1+ 49. Kg2 Qe7 50. Be6 Rh8 51. Bd5 Rh7 52. Qg6+ Kh8 1-0

[Event "Alexandria op 18th"]
[Site "Alexandria"]
[Date "2012.09.02"]
[Round "7"]
[White "Ahmed, Abuzied"]
[Black "Hassan, Tarek Ahmed"]
[Result "1-0"]
[WhiteElo "2066"]
[BlackElo "2248"]
[PlyCount "83"]
[EventDate "2012.08.27"]
[EventType "swiss"]
[EventRounds "9"]
[EventCountry "EGY"]
[SourceTitle "CBM 150 Extra"]
[Source "ChessBase"]
[SourceDate "2012.10.19"]
[SourceVersion "1"]
[SourceVersionDate "2012.10.19"]
[SourceQuality "1"]

1. e4 e5 2. Nf3 d6 3. Bc4 Be7 4. d3 Nf6 5. Nbd2 c6 6. 0-0 0-0 7. c3 d5 8. Bb3 Nbd7 9. Re1 Bd6 10. h3 h6 11. Nf1 dxe4 12. dxe4 Nc5 13. Bc2 Bc7 14. Qe2 Nh7 15. Ne3 a5 16. g4 Ng5 17. Nxg5 hxg5 18. Qf3 g6 19. b3 Ne6 20. Ba3 Bd6 21. Bxd6 Qxd6 22. Nc4 Qc5 23. Qe3 Qxe3 24. fxe3 Nc5 25. Nxe5 Be6 26. Nf3 f6 27. Rad1 Kf7 28. e5 Rh8 29. Kg2 f5 30. Nxg5+ Ke7 31. Kg3 Nd7 32. Nxe6 Kxe6 33. Rd6+ Ke7 34. Rxg6 Nxe5 35. Rg7+ Kf6 36. Rxb7 fxg4 37. hxg4 Ke6 38. Bf5+ Kd6 39. Rd1+ Kc5 40. Rd4 Rh3+ 41. Kf4 Ng6+ 42. Bxg6 1-0

[Event "Arab Games"]
[Site "Doha"]
[Date "2011.12.17"]
[Round "5"]
[White "Al Takrori, Husam"]
[Black "Ahmed, Abuzied"]
[Result "1/2-1/2"]
[WhiteElo "2073"]
[BlackElo "2059"]
[PlyCount "71"]
[EventDate "2011.12.13"]
[EventType "team-swiss"]
[EventRounds "9"]
[EventCountry "QAT"]
[SourceTitle "CBM 145 Extra"]
[Source "ChessBase"]
[SourceDate "2012.01.03"]
[SourceVersion "1"]
[SourceVersionDate "2012.01.03"]
[SourceQuality "1"]
[WhiteTeam "Palestine"]
[BlackTeam "Sudan"]
[WhiteTeamCountry "PLE"]
[BlackTeamCountry "SUD"]

1. e4 d5 2. exd5 Nf6 3. c4 c6 4. dxc6 Nxc6 5. Nf3 e5 6. d3 e4 7. dxe4 Qxd1+ 8. Kxd1 Nxe4 9. Be3 Bf5 10. Nbd2 0-0-0 11. Kc1 Bc5 12. Nxe4 Bxe3+ 13. fxe3 Bxe4 14. b3 Rhe8 15. Be2 Bxf3 16. Bxf3 Rxe3 17. Rd1 Rxd1+ 18. Kxd1 Kc7 19. Kd2 Re7 20. Bxc6 Kxc6 21. Rf1 f6 22. Kd3 Re5 23. g4 Kd6 24. b4 b6 25. h4 h5 26. Rf4 hxg4 27. Rxg4 Re7 28. Kd4 Kc6 29. h5 Rf7 30. Rg6 a6 31. Ke4 Re7+ 32. Kd4 Kc7 33. h6 gxh6 34. Rxh6 Rf7 35. Ke4 Re7+ 36. Kd5 1/2-1/2

[Event "Arab Games"]
[Site "Doha"]
[Date "2011.12.13"]
[Round "1"]
[White "Ahmed, Abuzied"]
[Black "Samhouri, Admah Fawzi"]
[Result "0-1"]
[WhiteElo "2059"]
[BlackElo "2377"]
[PlyCount "64"]
[EventDate "2011.12.13"]
[EventType "team-swiss"]
[EventRounds "9"]
[EventCountry "QAT"]
[SourceTitle "CBM 145 Extra"]
[Source "ChessBase"]
[SourceDate "2012.01.03"]
[SourceVersion "1"]
[SourceVersionDate "2012.01.03"]
[SourceQuality "1"]
[WhiteTeam "Sudan"]
[BlackTeam "Jordan"]
[WhiteTeamCountry "SUD"]
[BlackTeamCountry "JOR"]

1. e4 c5 2. Nc3 a6 3. a4 e6 4. g3 d5 5. exd5 exd5 6. Bg2 Nf6 7. d3 Be7 8. Nge2 d4 9. Ne4 0-0 10. 0-0 Nc6 11. Nf4 Re8 12. Re1 Nxe4 13. dxe4 Bf8 14. Bf1 Ne5 15. Nd3 Bg4 16. Be2 Bxe2 17. Qxe2 f5 18. f4 Nxd3 19. cxd3 fxe4 20. dxe4 d3 21. Qf2 c4 22. e5 b5 23. axb5 axb5 24. Rxa8 Qxa8 25. Be3 b4 26. Qd2 Qd5 27. Rd1 Ra8 28. Qg2 Qxg2+ 29. Kxg2 Ra2 30. Rd2 c3 31. bxc3 Rxd2+ 32. Bxd2 b3 0-1

[Event "Arab Games rapid"]
[Site "Doha"]
[Date "2011.12.11"]
[Round "3"]
[White "Ahmed, Abuzied"]
[Black "Obada, Ahmad Azeezjawad"]
[Result "0-1"]
[WhiteElo "2059"]
[BlackElo "2353"]
[PlyCount "103"]
[EventDate "2011.12.11"]
[EventType "swiss (rapid)"]
[EventRounds "9"]
[EventCountry "QAT"]
[SourceTitle "CBM 145 Extra"]
[Source "ChessBase"]
[SourceDate "2012.01.03"]
[SourceVersion "1"]
[SourceVersionDate "2012.01.03"]
[SourceQuality "1"]

1. e4 c5 2. Nf3 d6 3. d4 cxd4 4. Nxd4 Nf6 5. Nc3 a6 6. Bg5 e6 7. f4 Qb6 8. Qd2 Qxb2 9. Rb1 Qa3 10. f5 Nc6 11. fxe6 fxe6 12. Nxc6 bxc6 13. e5 dxe5 14. Bxf6 gxf6 15. Be2 Bg7 16. Bh5+ Ke7 17. Rb3 Qc5 18. Qe2 f5 19. Na4 Qa5+ 20. Nc3 Qc5 21. Na4 Qd4 22. Nb6 Ra7 23. c3 Qc5 24. Na4 Qa5 25. Qf2 Rd7 26. Nb6 Rd3 27. Qh4+ Bf6 28. Qc4 e4 29. 0-0 Rxc3 30. Nxc8+ Rxc8 31. Rb7+ Rc7 32. Rxc7+ Qxc7 33. Qxa6 Bd4+ 34. Kh1 Qb8 35. a4 Rc2 36. h3 Qb2 37. Qc8 Rxg2 38. Qe8+ Kd6 39. Qd8+ Kc5 40. Qa5+ Kc4 41. Qa6+ Kb3 42. Qb7+ Ka3 43. Qxb2+ Rxb2 44. a5 Rb5 45. Be8 Rxa5 46. Bxc6 e3 47. Bd7 e2 48. Re1 Re5 49. Bb5 Rxb5 50. Rxe2 Rb1+ 51. Kg2 Rb2 52. Rxb2 0-1